000 01576ntm a2200253 a 4500
001 37188
003 BD-RjUL
005 20211209052604.0
008 141029s2013 bg ||||| |||| 00| 0 ben d
035 _a(BD-RjUL)37290
040 _aBD-RjUL
_bben
_cBD-RjUL
_dBD-RjUL
041 _aben
082 _221
_a398.99144
_bHOB 2013
100 _aহোসেন, এস. এম. আশরাফুল
_9113762
245 1 0 _aবাংলাদেশের প্রবাদ :
_bএকটি সমাজতাত্ত্বিক বিশ্লেষণ /
_cএস. এম. আশরাফুল হোসেন ;
_6সুপারভাইজার : মোস্তফা তারিকুল আহসান
260 _aরাজশাহী :
_bফোকলোর বিভাগ, রাজশাহী বিশ্ববিদ্যালয়,
_c২০১৩
300 _a[৭], ২৫১ পাতা :
_bচিত্র ;
_c২৮ সেমি.
502 _aথিসিস: (পিএইচ ডি.)--ফোকলোর বিভাগ, রাজশাহী বিশ্ববিদ্যালয়, ২০১৩.
504 _aগ্রন্থপঞ্জি : পাতা ১৮৬-১৮৯
650 _aপ্রবাদসমূহ, বাংলা
_vইতিহাস ও সমালোচনা
_zবাংলাদেশ
_9113769
650 _aProverbs, Bengali
_vHistory and criticism
_zBangladesh
_9113770
700 _aআহসান, মোস্তফা তারিকুল, সুপারভাইজার
_9112060
942 _2ddc
_cTHE
999 _c37188
_d37188